01973nam a22003377a 450000500170000000800390001702000180005610000340007424501230010825000530023126400460028430000630033033600270039333700330042033800280045349000170048150000700049852005080056852100450107653400310112165000530115265000510120565000340125665000360129065000410132670000320136770000430139983001460144204000350158808400120162320220316235146.0140609b2013 ck a|| g||| 00| 0 1pspa a97895885456151 aAlmeida, Carla Maia ded1969-10aNo quiero usar anteojoscCarla Maia de Almeida ; ilustraciones André Letria ; traducción Gabriela Santa Arciniegas aEdición especial para el Ministerio de Cultura aBogotábTaller de Edición Roccac2013 a[28] páginas sin enumerarbilustraciones a colorc24 cm. atextobtxt2rdacontent asin mediaciónbn2rdamedia avolumenbnc2rdacarrier aotras letras aIncluye datos biográficos de la autora, ilustrador y traductora aEsta original obra cuenta la historia de un niño que como dice su título no quiere usar anteojos y tiene que ir al oftalmólogo. Acompañado por las excelentes y simpáticas ilustraciones de André Letria, será de fácil lectura y ayudará a los niños que utilizan anteojos para que vean la situación con humor y no teman a las risas de los demás. Este libro hará a los niños ponerse los anteojos y ver el mundo de una manera divertida, desde todas las formas, colores y tamaños. aRecomendado para niños de 6 a 8 años tNão Quero Usuar Óculos142LEMBaÁlbumes infantiles portuguesesySiglo XX142LEMBaLiteratura infantil portuguesaySiglo XX142LEMBaGafasvÁlbum infantil142LEMBaNiñosvÁlbum infantil142LEMBaLibros ilustrados para niños1 aLetria, Andréeilustrador1 aSanta Arciniegas, Gabrielaetraductora aColección para la Primera Infancia del Ministerio de Cultura, Plan Nacional de Lectura y Escritura Leer es mi cuento, Primera Infancia 2013 aCO-BoRNBPbspaerdacCO-BoRNBP aA ALM7